Statystyki dla Kraj w Którym Odbywa się Akcja Najlepszych Filmów

Kliknij tutaj aby rozwiązać quiz!

Ogólne statystyki

  • Ten quiz został rozwiązany 28 razy
  • Średni wynik to 24 z 40

Statystyki odpowiedzi

#FilmKraje% Poprawnych
62Rocky, Tańczący z WilkamiStany Zjednoczone
100%
22Jak Zostać Królem , BraveheartWielka Brytania
96%
2W 80 dni dookoła świataJaponia
92%
4Na Zachodzie bez ZmianNiemcy
92%
4Ostatni cesarz, Forrest GumpChiny
88%
3Slumbog. Milionerz z Ulicy, GandhiIndie
88%
7Gladiator,Ojciec chrzestnyWłochy
88%
1Lawrence z ArabiiArabia Saudyjska
84%
3Amadeus, Dżwięki MuzykiAustria
80%
1OppenheimerKanada
80%
1Lista SchindleraPolska
80%
10Gigi, Życie Emila ZoliFrancja
76%
2Gladiator, W 80 dni dookoła świataHiszpania
76%
2Casablanca, PattonMaroko
76%
1To nie jest kraj dla starych ludziMeksyk
76%
1ParasiteKorea Południowa
72%
2The Hurt Locker, Operacja ArgoIrak
68%
3Angielski Pacjent, Lawrence z ArabiiEgipt
64%
1Operacja ArgoIran
64%
1GandhiRepublika Południowej Afryki
64%
3Pluton, Łowca jeleniWietnam
64%
1Lista SchindleraCzechy
56%
2Hamlet, Pożegnanie z AfrykąDania
56%
3Ben-Hur, Lawrence z ArabiiIzrael
52%
1PattonBelgia
44%
1Pożegnanie z AfrykąKenia
44%
3Cavalcada, OppenheimerSzwajcaria
44%
1PattonTunezja
44%
2Gladiator, PattonAlgieria
40%
1OppenheimerHolandia
40%
1GandhiPakistan
40%
2Most na rzece KwaiTajlandia
40%
1Operacja ArgoTurcja
40%
1Angielski PacjentLibia
32%
1Lawrence z ArabiiSyria
32%
1Lawrence z ArabiiJordania
28%
1Ojciec chrzestny IIKuba
28%
1RebeccaMonako
16%
1Most na rzece KwaiSri Lanka
12%
1Milczenie owiecBahamy
0%

Rozkład punktacji

Percentyl według liczby udzielonych odpowiedzi

Procent ludzi z każdym wynikiem

Twoja historia wyników

Nie rozwiązałeś tego quizu